| 000 -LEADER |
| fixed length control field |
01393cam a22002894a 4500 |
| 001 - CONTROL NUMBER |
| control field |
12267068 |
| 005 - DATE AND TIME OF LATEST TRANSACTION |
| control field |
20220224092234.0 |
| 008 - FIXED-LENGTH DATA ELEMENTS--GENERAL INFORMATION |
| fixed length control field |
001228s2001 flua 000 0 eng |
| 010 ## - LIBRARY OF CONGRESS CONTROL NUMBER |
| LC control number |
00143876 |
| 020 ## - INTERNATIONAL STANDARD BOOK NUMBER |
| International Standard Book Number |
1558748954 (hc) |
| 020 ## - INTERNATIONAL STANDARD BOOK NUMBER |
| International Standard Book Number |
1558748946 (tradepaper) |
| 040 ## - CATALOGING SOURCE |
| Original cataloging agency |
DLC |
| Transcribing agency |
DLC |
| Modifying agency |
DLC |
| 042 ## - AUTHENTICATION CODE |
| Authentication code |
pcc |
| 050 00 - LIBRARY OF CONGRESS CALL NUMBER |
| Classification number |
PN6071.F3C48 2001 |
| Item number |
C48 2001 |
| 245 00 - TITLE STATEMENT |
| Title |
Chicken soup for the father's soul : |
| Remainder of title |
stories to open the hearts and rekindle the spirits of fathers / |
| Statement of responsibility, etc. |
Jack Canfield ... [et al.]. |
| 260 ## - PUBLICATION, DISTRIBUTION, ETC. (IMPRINT) |
| Place of publication, distribution, etc. |
Deerfield Beach, Fla. : |
| Name of publisher, distributor, etc. |
Health Communications, |
| Date of publication, distribution, etc. |
c2001. |
| 300 ## - PHYSICAL DESCRIPTION |
| Extent |
xvii, 365 p. : |
| Other physical details |
ill. |
| Dimensions |
22 cm. |
| 650 #0 - SUBJECT ADDED ENTRY--TOPICAL TERM |
| Topical term or geographic name as entry element |
Fathers |
| Form subdivision |
Literary collections. |
| 650 #0 - SUBJECT ADDED ENTRY--TOPICAL TERM |
| Topical term or geographic name as entry element |
Fatherhood |
| Form subdivision |
Literary collections. |
| 700 1# - ADDED ENTRY--PERSONAL NAME |
| Personal name |
Canfield, Jack, |
| Dates associated with a name |
1944- |
| 856 42 - ELECTRONIC LOCATION AND ACCESS |
| Materials specified |
Publisher description |
| Uniform Resource Identifier |
<a href="http://www.loc.gov/catdir/enhancements/fy0727/00143876-d.html">http://www.loc.gov/catdir/enhancements/fy0727/00143876-d.html</a> |
| 856 41 - ELECTRONIC LOCATION AND ACCESS |
| Materials specified |
Sample text |
| Uniform Resource Identifier |
<a href="http://www.loc.gov/catdir/enhancements/fy0727/00143876-s.html">http://www.loc.gov/catdir/enhancements/fy0727/00143876-s.html</a> |
| 856 42 - ELECTRONIC LOCATION AND ACCESS |
| Materials specified |
Contributor biographical information |
| Uniform Resource Identifier |
<a href="http://www.loc.gov/catdir/enhancements/fy0735/00143876-b.html">http://www.loc.gov/catdir/enhancements/fy0735/00143876-b.html</a> |
| 906 ## - LOCAL DATA ELEMENT F, LDF (RLIN) |
| a |
7 |
| b |
cbc |
| c |
orignew |
| d |
1 |
| e |
ocip |
| f |
20 |
| g |
y-gencatlg |
| 942 ## - ADDED ENTRY ELEMENTS (KOHA) |
| Source of classification or shelving scheme |
|
| Koha item type |
Hard Covered Materials |
| Classification part |
PN6071.F3C48 2001 |